000 00394nam a22001697a 4500
003 NUST - PNEC
005 20170116181119.0
008 151004b xxu||||| |||| 00| 0 eng d
020 _a-
040 _cLIBRARY
082 _a623.81 AJA
100 _913432
_aAjaz Ahmed
245 _aNaval architecture
_cAjaz Ahmed
260 _c-
650 _913434
_aArchitecture
_xIME
942 _2ddc
_cBK
999 _c69514
_d69514